000
00213 a2200097 4500
001
47912
100
_a
Romulo C P
245
_a
Crusade in Asia
260
_a
New York
_b
The John Day Co.
_c
090
_c
30907
_d
30907
942
_a
NUST-CAE
_c
M
_c
23233
999
_c
282985
_d
282985